[Event "Mistrzostwa Polski Juniorow do lat 16 - Dziewczeta"]
[Site "Szklarska Poreba"]
[Date "1899-12-30"]
[Round "1.1"]
[White "Lukasik, Zuzanna"]
[Black "Goraj, Barbara"]
[Result "0-1"]
[WhiteTitle "I++"]
[BlackTitle "WCM"]
[WhiteElo "1563"]
[BlackElo "2115"]

1. c4 e5 2. Nc3 Nf6 3. d3 Nc6 4. Nf3 d5 5. cxd5 Nxd5 6. Nxd5 Qxd5 7. e4 Bb4+ 8.
Bd2 Bxd2+ 9. Qxd2 Qd6 10. h3 Be6 11. Be2 Rd8 12. O-O O-O 13. Rfd1 f6 14. Qc3 Rd7
15. a3 a5 16. Rd2 a4 17. Bd1 Ra8 18. b4 axb3 19. Bxb3 Kh8 20. Bxe6 Qxe6 21. a4
h6 22. Rb2 b6 23. Rc2 Na5 24. Rb1 Rad8 25. Rd2 Nb7 26. Qc2 Na5 27. Qc3 c5 28.
Qb2 Rb8 29. Qc3 Nc6 30. Rdb2 Nb4 31. Ne1 Qe7 32. Rd2 Rbd8 33. Rbd1 Ra8 34. Qb3
Rda7 35. Ra1 Qd7 36. Nf3 Rxa4 37. Rxa4 Rxa4 38. Nh4 Kh7 39. Qb1 g6 40. Qd1 Ra3
41. Qf3 Qf7 42. Qe2 Qe6 43. Kh2 Kg7 44. g3 Qd7 45. d4 cxd4 46. Qc4 Na6 47. Qf1
Nc5 48. f3 Qa4 49. Qb1 Rb3 50. Qc2 Qb4 51. Qa2 Na4 52. Ng2 d3 53. f4 Qa3 54. Qxa3
Rxa3 55. fxe5 fxe5 56. Ne1 Nc5 57. Kg2 Nxe4 58. Rxd3 Rxd3 59. Nxd3 Kf6 60. Nb4
Ke6 61. Kf3 Nc3 62. g4 e4+ 63. Kg3 Kd6 64. h4 Nd5 65. Nc2 Ke5 0-1

[Event "Mistrzostwa Polski Juniorow do lat 16 - Dziewczeta"]
[Site "Szklarska Poreba"]
[Date "1899-12-30"]
[Round "1.2"]
[White "Dylag, Emilia"]
[Black "Libura, Julianna"]
[Result "1-0"]
[WhiteTitle "k+"]
[BlackTitle "I+"]
[WhiteElo "2083"]
[BlackElo "1558"]

1. d4 d5 2. c4 e6 3. Nc3 Nf6 4. cxd5 exd5 5. Bg5 Be7 6. e3 c6 7. Bd3 Nbd7 8. Nf3
Nh5 9. Bxe7 Qxe7 10. O-O O-O 11. Qc2 Nhf6 12. Rfe1 Qd6 13. Rab1 h6 14. b4 a6 15.
a4 Rd8 16. Rec1 Re8 17. b5 axb5 18. axb5 c5 19. dxc5 Nxc5 20. b6 Bd7 21. Bb5 Rec8
22. Qd1 Bf5 23. Rb2 Qxb6 24. Nd4 Bg6 25. Qd2 Nce4 26. Nxe4 Nxe4 27. Qe1 Qd8 28.
h3 Rxc1 29. Qxc1 Rc8 30. Rc2 Rxc2 31. Qxc2 Qa5 32. Qc8+ Kh7 33. Qxb7 Qe1+ 34.
Kh2 Qxf2 35. Qxd5 Qg3+ 36. Kg1 Qxe3+ 37. Kh2 Qg3+ 38. Kg1 Nf2 39. Bd7 Be4 40.
Bf5+ g6 41. Qxf7+ Kh8 42. Qe8+ Kh7 43. Qd7+ Kh8 44. Bxe4 Nxh3+ 45. Qxh3 Qe1+ 46.
Kh2 Qxe4 47. Qxh6+ Kg8 48. Nf3 Qe6 49. Qg5 Kh7 50. Qe5 Qc8 51. Nd4 Qg4 52. Ne6
Qh4+ 53. Kg1 Qh6 54. Ng5+ Kg8 55. Qe6+ Kg7 56. Qe7+ Kg8 57. g3 1-0

[Event "Mistrzostwa Polski Juniorow do lat 16 - Dziewczeta"]
[Site "Szklarska Poreba"]
[Date "1899-12-30"]
[Round "1.3"]
[White "Bugaj, Hanna"]
[Black "Wikar, Martyna"]
[Result "0-1"]
[WhiteTitle "I+"]
[BlackTitle "k+"]
[WhiteElo "1556"]
[BlackElo "2061"]

1. Nf3 Nf6 2. d4 d5 3. e3 c5 4. b3 cxd4 5. exd4 Nc6 6. Bd3 Bg4 7. Bb2 e6 8. Nbd2
Bd6 9. O-O O-O 10. Qe1 Nb4 11. Ne5 Nxd3 12. cxd3 Rc8 13. Rc1 Bf5 14. Qe2 Qa5 15.
a4 h6 16. f4 Qb4 17. h3 Nh5 18. Qxh5 Bxe5 19. fxe5 Qxd2 20. Ba3 Rxc1 21. Rxc1
Qxd3 22. Qd1 Qxd1+ 23. Rxd1 Rc8 24. Rc1 Rxc1+ 25. Bxc1 Bc2 26. a5 Bxb3 27. Ba3
b6 28. axb6 axb6 29. Be7 Kh7 30. Kf2 Kg6 31. Ke3 f6 32. Kf4 Kf7 33. Bd8 b5 34.
Ba5 Bc4 35. g3 g5+ 36. Ke3 fxe5 37. dxe5 Kg6 38. Kd4 Kf5 39. Be1 h5 40. h4 Bf1
41. Bd2 gxh4 42. gxh4 Kg4 43. Be1 b4 44. Bxb4 Kxh4 45. Ke3 Kg4 46. Bc3 h4 47.
Kf2 Bd3 48. Kg2 Be4+ 49. Kh2 Kf3 50. Kh3 Ke3 51. Kxh4 d4 52. Bb4 d3 53. Kg5 d2
54. Bxd2+ Kxd2 55. Kf6 Bd5 0-1

[Event "Mistrzostwa Polski Juniorow do lat 16 - Dziewczeta"]
[Site "Szklarska Poreba"]
[Date "1899-12-30"]
[Round "1.4"]
[White "Marcinczyk, Monika"]
[Black "Slusarczyk, Milena"]
[Result "1-0"]
[WhiteTitle "WCM"]
[BlackTitle "I+"]
[WhiteElo "2009"]
[BlackElo "1537"]

1. e4 c5 2. Nf3 d6 3. d4 cxd4 4. Nxd4 Nf6 5. Nc3 a6 6. Be2 e5 7. Nf3 h6 8. Nd2
Be7 9. Nc4 Be6 10. a4 O-O 11. Be3 Nc6 12. Nb6 Rb8 13. O-O Nb4 14. Bf3 Nd7 15.
a5 Nxb6 16. Bxb6 Qd7 17. Ra4 Nc6 18. b3 Bd8 19. Nd5 Ne7 20. Nxe7+ Qxe7 21. Be3
Kh8 22. Qd2 Bc7 23. c4 f6 24. Rc1 Qf7 25. Qe2 f5 26. exf5 Qxf5 27. Ba7 Ra8 28.
Bb6 Bxb6 29. axb6 Rab8 30. Rd1 Rfd8 31. Ra2 Rd7 32. Rad2 Rbd8 33. Rd3 Qg6 34.
Be4 Bf5 35. f3 Qf6 36. Rd5 Be6 37. R5d3 Bf5 38. Rd5 Be6 39. R5d2 Bf7 40. Qe3 Be6
41. Rd3 Bf5 42. Bxf5 Qxf5 43. Rd5 Qf7 44. Qd3 Qf4 45. Qe2 Kg8 46. c5 Qb4 47. Qc4
Qxc4 48. bxc4 Kf7 49. cxd6 Ke6 50. c5 a5 51. R5d3 Rc8 52. Rc1 Rc6 53. Kf2 a4 54.
Ke3 a3 55. Kd2 a2 56. Rdc3 Rd8 57. Ra3 Rdc8 58. Rxa2 Rxc5 59. Rxc5 Rxc5 60. Ra7
Kxd6 61. Rxb7 Kc6 62. Rxg7 Kxb6 63. Rg6+ Rc6 64. Rxc6+ Kxc6 65. Ke3 Kd5 66. g4
Kd6 67. Ke4 Ke6 68. h4 Kf6 69. Kd5 Kg6 70. Kxe5 1-0

[Event "Mistrzostwa Polski Juniorow do lat 16 - Dziewczeta"]
[Site "Szklarska Poreba"]
[Date "1899-12-30"]
[Round "1.5"]
[White "Pawlak, Emilia"]
[Black "Kroliczek, Gabriela"]
[Result "1/2-1/2"]
[WhiteTitle "I"]
[BlackTitle "k"]
[WhiteElo "1514"]
[BlackElo "1994"]

1. e4 e6 2. d3 d5 3. Nd2 b6 4. g3 Bb7 5. Ngf3 c5 6. Bg2 Nc6 7. O-O Nf6 8. Re1 Be7
9. e5 Nd7 10. Nf1 h6 11. Qe2 g5 12. h3 Qc7 13. N1h2 O-O-O 14. c3 Ba6 15. a3 Rdg8
16. b4 c4 17. d4 Nd8 18. a4 Kb8 19. b5 Bc8 20. Be3 Nb7 21. Nd2 f5 22. exf6 Nxf6
23. Nhf3 Bd6 24. Qd1 Bd7 25. Qc2 Na5 26. Ne5 Bxe5 27. dxe5 Nh5 28. Bd4 Qb7 29.
Re3 Be8 30. Qd1 Rh7 31. Bf3 Nf4 32. Kh2 Nd3 33. Qe2 Qd7 34. Rf1 Bg6 35. Bh5 Qe8
36. Bxg6 Qxg6 37. Rf3 h5 38. Qe3 Kc7 39. Rf6 Qe8 40. Nb1 Nb3 41. Na3 Nbc5 42.
Bxc5 Nxc5 43. Nc2 Ne4 44. Rf3 g4 45. Rf4 h4 46. Nb4 hxg3+ 47. fxg3 Rxh3+ 48. Kg2
Rxg3+ 49. Qxg3 Nxg3 50. Rf7+ Kc8 51. Kxg3 Rh8 52. Nc6 Rh3+ 53. Kg2 Rf3 54. Nxa7+
Kb8 55. Nc6+ Kc8 56. Na7+ 1/2-1/2

[Event "Mistrzostwa Polski Juniorow do lat 16 - Dziewczeta"]
[Site "Szklarska Poreba"]
[Date "1899-12-30"]
[Round "1.6"]
[White "Adamczyk, Zuzanna"]
[Black "Kaznowska, Weronika"]
[Result "1-0"]
[WhiteTitle "k"]
[BlackTitle "I+"]
[WhiteElo "1979"]
[BlackElo "1502"]

1. e4 g6 2. d4 Bg7 3. Nc3 c6 4. f4 d5 5. e5 Nh6 6. Be2 Na6 7. g4 f6 8. exf6 exf6
9. h3 Nc7 10. Nf3 Qd6 11. Bd3 Be6 12. Be3 O-O-O 13. Qd2 Rde8 14. O-O-O Bd7 15.
f5 g5 16. Rhg1 Qf8 17. Bf2 Nf7 18. Bg3 h5 19. Na4 b6 20. Qh2 Nb5 21. Bxb5 cxb5
22. Bb8 Ne5 23. dxe5 Kxb8 24. e6+ Kb7 25. exd7 Rd8 26. Nc3 Rxd7 27. Nxb5 Qc5 28.
Nbd4 hxg4 29. Rxg4 Bf8 30. Qe2 Rxh3 31. Ne6 Qe7 32. Rgd4 Rh7 33. Rxd5 Rxd5 34.
Rxd5 g4 35. Ne1 Bh6+ 36. Kb1 Rg7 37. Nd8+ Ka8 38. Qxe7 Rxe7 39. Ne6 Be3 40. Ng2
Bf2 41. c4 Rh7 42. Nef4 Kb7 43. Rd2 Bg3 44. Nd5 Be5 45. Nde3 Rg7 46. Kc2 Kc6 47.
b4 g3 48. b5+ Kb7 49. Kd3 Rd7+ 50. Ke2 Rxd2+ 51. Kxd2 Kc7 52. Ke2 Kd6 53. Kf3
Kc5 54. Ng4 Bd4 55. N2e3 Bb2 56. Kxg3 Kd4 57. Kf3 Kd3 58. Nf2+ Kd4 59. Nfd1 Bc1
60. a4 Kd3 61. Nd5 Kxc4 62. Nxf6 Kb3 63. Nd5 Kxa4 64. N1c3+ Kb3 65. f6 Kc4 66.
Ke4 Bh6 67. Ke5 Bf8 68. Ke6 Kc5 69. Kd7 Bh6 70. Kc7 Bf8 71. Kb7 1-0

[Event "Mistrzostwa Polski Juniorow do lat 16 - Dziewczeta"]
[Site "Szklarska Poreba"]
[Date "1899-12-30"]
[Round "1.7"]
[White "Lochina, Justyna"]
[Black "Hertlein, Irena"]
[Result "0-1"]
[WhiteTitle "I"]
[BlackTitle "k"]
[WhiteElo "1467"]
[BlackElo "1910"]

1. e4 c5 2. Nf3 Nc6 3. d4 cxd4 4. Nxd4 g6 5. Nc3 Bg7 6. Be3 Nf6 7. Bc4 O-O 8. Bb3
a5 9. f3 d5 10. Nxd5 Nxd5 11. exd5 Nb4 12. c4 a4 13. a3 Nxd5 14. cxd5 axb3 15.
Qxb3 Ra5 16. Nb5 e6 17. O-O-O exd5 18. Rxd5 Qe8 19. Qd3 Bf5 20. Rxf5 gxf5 21.
Nd4 Rd5 22. Rd1 Qc8+ 23. Qc3 Rc5 24. Rd3 Rxc3+ 25. Rxc3 Qd7 26. Rc4 Rd8 27. Kc2
Bxd4 28. Bxd4 Rc8 29. Rxc8+ Qxc8+ 30. Kd3 Qc1 31. g3 Qd1+ 32. Ke3 Qg1+ 33. Kd3
Qxh2 34. Be5 Qf2 35. f4 Qxg3+ 36. Kc4 h5 0-1

[Event "Mistrzostwa Polski Juniorow do lat 16 - Dziewczeta"]
[Site "Szklarska Poreba"]
[Date "1899-12-30"]
[Round "1.8"]
[White "Czarnecka, Lidia"]
[Black "Wojtas, Julia"]
[Result "1-0"]
[WhiteTitle "I++"]
[BlackTitle "I"]
[WhiteElo "1874"]
[BlackElo "1448"]

1. e4 c5 2. Nf3 d6 3. d4 cxd4 4. Nxd4 Nf6 5. Nc3 a6 6. Bc4 e6 7. Bb3 Nbd7 8. Bg5
Nc5 9. f4 Be7 10. Qf3 Qc7 11. O-O-O b5 12. Bxf6 Bxf6 13. Ncxb5 axb5 14. Nxb5 Qb8
15. Nxd6+ Kf8 16. e5 Nxb3+ 17. cxb3 Be7 18. Kb1 Bxd6 19. Rxd6 Bb7 20. Qe3 Ke7
21. f5 Qa7 22. Qg5+ Ke8 23. a3 Be4+ 24. Ka1 Qc5 25. Ka2 Qxe5 26. Rhd1 Bd5 27.
Rb6 h6 28. Qd2 Rb8 29. Qb4 Rxb6 30. Qxb6 Ke7 31. fxe6 Qxe6 32. Qc5+ Qd6 33. Qxd5
Qxd5 34. Rxd5 Ke6 35. Rd2 Rc8 36. b4 f5 37. b5 g5 38. Kb3 f4 39. a4 g4 40. b6
Rb8 41. a5 Kf5 42. Kc4 f3 43. gxf3 gxf3 44. Rd7 Rf8 45. b7 Ke4 46. Re7+ Kf4 47.
Rf7+ Rxf7 48. b8=Q+ Kf5 49. Qb6 1-0

[Event "Mistrzostwa Polski Juniorow do lat 16 - Dziewczeta"]
[Site "Szklarska Poreba"]
[Date "1899-12-30"]
[Round "1.9"]
[White "Czernikowska, Laura"]
[Black "Zarebska, Lena"]
[Result "1/2-1/2"]
[WhiteTitle "WCM"]
[BlackTitle "I++"]
[WhiteElo "1427"]
[BlackElo "1845"]

1. f4 g6 2. Nf3 Bg7 3. g3 c6 4. Bg2 Qb6 5. c3 d5 6. e3 Bf5 7. d3 Na6 8. Nd4 Bd7
9. Nf3 h5 10. O-O Nh6 11. Re1 Nf5 12. Qc2 Nc5 13. d4 Ne4 14. Nbd2 Nfd6 15. Nxe4
Nxe4 16. Nd2 Nxd2 17. Qxd2 h4 18. e4 dxe4 19. Bxe4 hxg3 20. hxg3 O-O-O 21. Bg2
Be6 22. Qe2 Rh5 23. Be3 Bd5 24. Bxd5 cxd5 25. Kg2 Qe6 26. Rh1 Rdh8 27. Qf3 Qf5
28. Rxh5 gxh5 29. Rh1 Bf6 30. Qe2 h4 31. g4 Qe4+ 32. Qf3 Qc2+ 33. Qf2 Qh7 34.
Kh3 Qe4 35. Rg1 e6 36. Rf1 Rg8 37. Qf3 Qc2 38. Qf2 Qa4 39. a3 Bd8 40. Qe2 Qd7
41. Rg1 a6 1/2-1/2

[Event "Mistrzostwa Polski Juniorow do lat 16 - Dziewczeta"]
[Site "Szklarska Poreba"]
[Date "1899-12-30"]
[Round "1.10"]
[White "Mirowska, Oliwia"]
[Black "Nowak, Roksana"]
[Result "0-1"]
[WhiteTitle "k"]
[BlackTitle "I"]
[WhiteElo "1840"]
[BlackElo "1412"]

1. e4 e5 2. Nf3 Nc6 3. Bc4 Nf6 4. d3 Bc5 5. c3 a6 6. a3 Ba7 7. Be3 d6 8. h3 h6
9. Qc2 g5 10. d4 g4 11. hxg4 Nxg4 12. Bg5 f6 13. Be3 Nxe3 14. fxe3 Qe7 15. Nbd2
Qg7 16. O-O-O Bg4 17. Bd5 Bd7 18. Qd3 O-O-O 19. b4 Ne7 20. Bb3 f5 21. exf5 Nxf5
22. e4 Ne7 23. a4 Ng6 24. g3 Bg4 25. Rdf1 Rhf8 26. a5 exd4 27. cxd4 Bd7 28. Bc4
c6 29. Bb3 Bg4 30. Kb2 Kb8 31. Rh2 c5 32. b5 axb5 33. Qxb5 cxd4 34. Bd5 d3+ 35.
Ka2 Rc8 36. Nc4 Rc5 37. Qb3 Bxf3 38. Rb2 Rxd5 39. exd5 Bxd5 40. Rxf8+ Qxf8 41.
Qxd3 Qf7 42. Kb1 Bxc4 43. Qxd6+ Ka8 44. Rc2 Bb8 45. Qd4 Qf1+ 46. Rc1 Qf5+ 0-1

[Event "Mistrzostwa Polski Juniorow do lat 16 - Dziewczeta"]
[Site "Szklarska Poreba"]
[Date "1899-12-30"]
[Round "1.11"]
[White "Grzyb, Anna"]
[Black "Sloniewska, Alicja"]
[Result "0-1"]
[WhiteTitle "I"]
[BlackTitle "I++"]
[WhiteElo "1404"]
[BlackElo "1723"]

1. d4 d5 2. c4 e6 3. Nc3 Nf6 4. Bg5 Be7 5. Nf3 c6 6. cxd5 exd5 7. e3 Nbd7 8. Bd3
O-O 9. O-O Re8 10. Qc2 Nf8 11. a3 a5 12. h3 Ne4 13. Nxe4 dxe4 14. Bxe7 Qxe7 15.
Be2 exf3 16. Bxf3 Ng6 17. d5 cxd5 18. Bxd5 Rf8 19. Qb3 Nh4 20. Kh1 Ra6 21. Rac1
Rh6 22. e4 Qg5 23. Qg3 Qf6 24. Rc7 Nxg2 25. Rxc8 Rxc8 26. Qxg2 Rg6 27. Qh2 Qf3+
0-1

[Event "Mistrzostwa Polski Juniorow do lat 16 - Dziewczeta"]
[Site "Szklarska Poreba"]
[Date "1899-12-30"]
[Round "1.12"]
[White "Siekanska, Zuzanna"]
[Black "Matyjasek, Michalina"]
[Result "1-0"]
[WhiteTitle "I++"]
[BlackTitle "I"]
[WhiteElo "1696"]
[BlackElo "1393"]

1. d4 d5 2. c4 e6 3. Nc3 a6 4. cxd5 exd5 5. Nf3 c6 6. h3 h6 7. Qc2 Nf6 8. Bf4 Bd6
9. Ne5 Nh5 10. Bh2 O-O 11. e3 Be6 12. Bd3 Qc7 13. f4 b6 14. Rg1 Nf6 15. g4 Ne8
16. h4 Bxe5 17. dxe5 Qe7 18. g5 h5 19. f5 Bc8 20. O-O-O Nd7 21. f6 Qc5 22. Rde1
b5 23. g6 fxg6 24. Bxg6 Kh8 25. Qe2 Nexf6 26. exf6 Nxf6 27. Kb1 d4 28. exd4 Qxd4
29. Be5 Qxh4 30. Bxf6 gxf6 31. Qe7 Bf5+ 32. Bxf5 Qc4 33. Qh7# 1-0

[Event "Mistrzostwa Polski Juniorow do lat 16 - Dziewczeta"]
[Site "Szklarska Poreba"]
[Date "1899-12-30"]
[Round "1.13"]
[White "Franek, Diana"]
[Black "Wawrzyniak, Weronika"]
[Result "0-1"]
[WhiteTitle "I"]
[BlackTitle "I+"]
[WhiteElo "1362"]
[BlackElo "1648"]

1. g3 d5 2. Bg2 c5 3. b3 Nf6 4. Bb2 e6 5. d3 Be7 6. Nf3 O-O 7. O-O Nbd7 8. Nbd2
Qc7 9. Re1 b5 10. c4 bxc4 11. dxc4 Bb7 12. Qc2 Rfc8 13. h3 Bf8 14. e3 a5 15. Rac1
Bc6 16. Ra1 a4 17. Qc3 a3 18. Bc1 e5 19. Qc2 d4 20. Nh4 Ra6 21. Nb1 Bxg2 22. Nxg2
Rca8 23. Nd2 Nb8 24. Ne4 Nxe4 25. Qxe4 Nc6 26. Bd2 Rd8 27. Rad1 Qd7 28. Kh2 f5
29. Qb1 e4 30. Nf4 g5 31. Nd5 Bg7 32. Rf1 d3 33. f3 Ne7 34. fxe4 fxe4 35. Nxe7+
Qxe7 36. Rf5 Rf8 37. Rdf1 Raf6 38. Rxf6 Rxf6 39. Kg2 Rxf1 40. Qxf1 Qe5 41. Qf2
Qb2 42. Be1 Qc2 43. Kf1 Bc3 44. Bxc3 Qxc3 45. Qf5 Qa1+ 46. Kg2 Qxa2+ 47. Kg1 Qb1+
48. Kg2 Qc2+ 49. Kf1 Qe2+ 50. Kg1 Qxe3+ 51. Kh2 Qe2+ 52. Kg1 Qf3 53. Qxg5+ Kf7
54. Qd5+ Kg6 55. Qc6+ Kg7 56. Qc7+ Qf7 57. Qxc5 a2 58. Qd4+ Qf6 59. Qa7+ Kg6 60.
Qxa2 e3 61. Qb1 Qf2+ 62. Kh1 Qc2 63. Qa1 e2 64. Qa6+ Kf5 65. Qb5+ Ke4 66. Qd5+
Ke3 67. Qe5+ Kd2 68. Qa5+ Kd1 69. Qh5 Kc1 70. Qe5 Qd1+ 71. Kh2 e1=Q 72. Qa1+ Kd2
0-1

[Event "Mistrzostwa Polski Juniorow do lat 16 - Dziewczeta"]
[Site "Szklarska Poreba"]
[Date "1899-12-30"]
[Round "1.14"]
[White "Mytnik, Kinga"]
[Black "Bienko, Jagoda"]
[Result "1/2-1/2"]
[WhiteTitle "I"]
[BlackTitle "I"]
[WhiteElo "1638"]
[BlackElo "1356"]

1. e4 c5 2. d3 Nc6 3. f4 g6 4. c3 Bg7 5. Be2 d5 6. Qc2 Nf6 7. Nf3 O-O 8. e5 Ne8
9. Be3 b6 10. d4 c4 11. h3 b5 12. g4 f6 13. Nbd2 b4 14. Rg1 Qa5 15. Kf2 Nc7 16.
h4 bxc3 17. bxc3 f5 18. g5 Nb5 19. Nb1 Bd7 20. a4 Nc7 21. Nbd2 Rab8 22. Rgb1 Rxb1
23. Rxb1 Rb8 24. Bd1 Na8 25. Ra1 Rb6 26. Nb1 Ra6 27. Bc1 Nb8 28. Ra3 Nb6 29. Qb2
e6 30. Ne1 Bf8 31. Ra1 Bc6 32. Nc2 Bxa4 33. Nb4 Bxb4 34. cxb4 Qb5 35. Nc3 Qd7
36. Be2 Bb3 37. Rxa6 Nxa6 38. Qa3 Na4 39. b5 Nxc3 40. bxa6 Nxe2 41. Kxe2 Ba4 42.
Qb4 Bb5 43. Ba3 Qe8 44. Qd6 Qc8 45. Kd2 Bxa6 46. Bc5 Bb5 47. Bxa7 Qd7 48. Qb8+
Qe8 49. Qb6 Kf7 50. Qc7+ Qd7 51. Qxd7+ Bxd7 52. Kc3 Ke8 53. Bc5 Kd8 54. Kb4 Kc7
55. Bd6+ Kb6 56. Bc5+ Ka6 1/2-1/2

[Event "Mistrzostwa Polski Juniorow do lat 16 - Dziewczeta"]
[Site "Szklarska Poreba"]
[Date "1899-12-30"]
[Round "1.15"]
[White "Czerwinska, Oliwia"]
[Black "Krzyzosiak, Anna"]
[Result "0-1"]
[WhiteTitle "I"]
[BlackTitle "I++"]
[WhiteElo "1355"]
[BlackElo "1629"]

1. e4 c5 2. c3 Nf6 3. e5 Nd5 4. d4 cxd4 5. cxd4 d6 6. Bc4 Nb6 7. Bb3 dxe5 8. dxe5
Qxd1+ 9. Bxd1 Nc6 10. f4 Bf5 11. Nf3 e6 12. Nc3 Bc5 13. Na4 Bb4+ 14. Bd2 Nc4 15.
Rc1 Ne3 16. Kf2 Bxd2 17. Nxd2 Nd5 18. Kg3 Ncb4 19. Bb3 Nd3 20. Rcf1 N5xf4 21.
Rxf4 Nxf4 22. Kxf4 Ke7 23. Ne4 Bxe4 24. Kxe4 Rhd8 25. Rc1 Rac8 26. Rxc8 Rxc8 27.
Nc3 a6 28. a4 Rc6 29. Kd4 Rb6 30. Kc4 Rc6+ 31. Kd4 f6 32. exf6+ gxf6 33. Bc2 h6
34. Ke3 Rb6 35. b3 Rb4 36. Ne4 f5 37. Nd2 b5 38. axb5 axb5 39. Nf3 Kd6 40. Ne1
Kd5 41. Kd2 Rd4+ 42. Ke3 Rg4 43. h3 Rg3+ 44. Kf2 Rc3 45. Ke2 f4 46. Kf2 e5 47.
Ke2 e4 48. Kf2 Kd4 49. h4 Re3 50. Bd1 Kc3 51. Nc2 Kd2 52. Nd4 Kxd1 53. Nxb5 Rxb3
54. Nd4 Rb2+ 55. Kf1 e3 56. h5 e2+ 57. Nxe2 Rxe2 0-1

[Event "Mistrzostwa Polski Juniorow do lat 16 - Dziewczeta"]
[Site "Szklarska Poreba"]
[Date "1899-12-30"]
[Round "1.16"]
[White "Zniszczol, Wiktoria"]
[Black "Cieslak, Jessica"]
[Result "1-0"]
[WhiteTitle "I+"]
[BlackTitle "I"]
[WhiteElo "1627"]
[BlackElo "1330"]

1. e4 d6 2. Nc3 Nf6 3. h3 e5 4. Nf3 Be7 5. d4 Nbd7 6. Bc4 O-O 7. a4 c6 8. O-O b6
9. Re1 Bb7 10. Ba2 Qc7 11. Nh4 Rfe8 12. Nf5 Bf8 13. f4 g6 14. Ng3 Bg7 15. Be3
Rad8 16. h4 Bh6 17. f5 Bxe3+ 18. Rxe3 exd4 19. Qxd4 Ne5 20. fxg6 hxg6 21. Rf1
Nfg4 22. Ree1 Qe7 23. Rf4 Qxh4 24. Nce2 Rf8 25. Qc3 Ba6 26. Rd1 g5 27. Rf5 Bc8
28. Rf3 Nxf3+ 29. Qxf3 Ne5 30. Qf6 Be6 31. Bxe6 fxe6 32. Qxe6+ Rf7 33. Nf5 Qxe4
34. Nh6+ Kg7 35. Nd4 Rfd7 36. Nhf5+ Kf8 37. Qf6+ Kg8 38. Qxg5+ Kh8 39. Qh6+ Kg8
40. Qg5+ Kh8 41. Qf6+ Kg8 42. Qe6+ Kh8 43. Qf6+ Kg8 44. Ne6 Rb8 45. Nh6+ 1-0

[Event "Mistrzostwa Polski Juniorow do lat 16 - Dziewczeta"]
[Site "Szklarska Poreba"]
[Date "1899-12-30"]
[Round "1.17"]
[White "Bartoszek, Julia"]
[Black "Pisarek, Elzbieta"]
[Result "0-1"]
[WhiteTitle "II+"]
[BlackTitle "I"]
[WhiteElo "1267"]
[BlackElo "1624"]

1. d4 g6 2. c4 Bg7 3. Nc3 d6 4. e4 e5 5. d5 a5 6. Nf3 Nd7 7. Be2 Ne7 8. O-O O-O
9. Be3 f5 10. exf5 Nxf5 11. Qd2 Nxe3 12. Qxe3 Nc5 13. Ne4 Nxe4 14. Qxe4 Bf5 15.
Qe3 Qe7 16. Nd4 Rae8 17. Nxf5 gxf5 18. Bh5 Rd8 19. Be2 Kh8 20. Rab1 b6 21. Rfe1
Qf6 22. Qh3 Rg8 23. Bd1 Bh6 24. Bc2 Rdf8 25. Rf1 Rg6 26. Rbd1 Bf4 27. g3 Bg5 28.
Rd3 e4 29. Rb3 Qe5 30. Re1 Rf7 31. Kh1 Qd4 32. Qf1 Rh6 33. Rd1 Qg7 34. Qg2 Bf6
35. Rb1 Be5 36. Rb5 Re7 37. Rb3 Bd4 38. Qf1 Qg4 39. Bd1 Qg5 40. Be2 Rg7 41. Qg2
Rhg6 42. Rd1 Bc5 43. Bf1 Qe7 44. Re1 Qf6 45. Rb5 Qd4 46. Re3 Re7 47. a3 Qe5 48.
Re2 f4 49. Re1 f3 50. Qg1 Qd4 51. b4 axb4 52. axb4 Qxf2 53. Qxf2 Bxf2 54. Ra1
e3 55. Bd3 Rh6 0-1

[Event "Mistrzostwa Polski Juniorow do lat 16 - Dziewczeta"]
[Site "Szklarska Poreba"]
[Date "1899-12-30"]
[Round "1.18"]
[White "Kieca, Aleksandra"]
[Black "Retz, Agnieszka"]
[Result "1-0"]
[WhiteTitle "I+"]
[BlackTitle "II+"]
[WhiteElo "1614"]
[BlackElo "1240"]

1. e4 c5 2. Nf3 e6 3. d4 cxd4 4. Nxd4 a6 5. Bd3 d6 6. O-O Nf6 7. Kh1 Be7 8. Nc3
O-O 9. f4 Nc6 10. Nxc6 bxc6 11. e5 Nd5 12. Ne4 h6 13. exd6 Bxd6 14. Nxd6 Qxd6
15. c4 Nf6 16. Bh7+ Nxh7 17. Qxd6 Bb7 18. b3 Nf6 19. Bb2 Rad8 20. Qe5 Rd7 21.
Rad1 Rfd8 22. Rxd7 Rxd7 23. Qb8+ Kh7 24. Bxf6 gxf6 25. Qe8 Rc7 26. Rf3 1-0

[Event "Mistrzostwa Polski Juniorow do lat 16 - Dziewczeta"]
[Site "Szklarska Poreba"]
[Date "1899-12-30"]
[Round "1.19"]
[White "Pacho, Maria"]
[Black "Kudlak, Julia"]
[Result "0-1"]
[WhiteTitle "II"]
[BlackTitle "I"]
[WhiteElo "1229"]
[BlackElo "1612"]

1. c4 e5 2. Nc3 Nf6 3. g3 d5 4. cxd5 Nxd5 5. Bg2 Nb6 6. Nf3 Nc6 7. O-O Be7 8. b3
O-O 9. Bb2 Be6 10. d3 a5 11. Rc1 Re8 12. Re1 Bb4 13. a3 Bf8 14. Qc2 f6 15. e3
Qd7 16. Ne2 Qf7 17. Nd2 Bd5 18. Bxd5 Qxd5 19. Nc4 Nd7 20. Nc3 Qf7 21. Nb5 Rac8
22. d4 exd4 23. Nxd4 Nde5 24. Nxc6 Nf3+ 25. Kg2 Nxe1+ 26. Rxe1 Qd5+ 27. f3 Qxc6
28. Qf5 a4 29. Na5 Qb6 0-1

[Event "Mistrzostwa Polski Juniorow do lat 16 - Dziewczeta"]
[Site "Szklarska Poreba"]
[Date "1899-12-30"]
[Round "1.20"]
[White "Krzyzosiak, Marta"]
[Black "Zajac, Aleksandra"]
[Result "1-0"]
[WhiteTitle "I++"]
[BlackTitle "II"]
[WhiteElo "1608"]
[BlackElo "1180"]

1. e4 d5 2. exd5 Qxd5 3. Nc3 Qd6 4. d4 Nf6 5. Nf3 c6 6. h3 Bf5 7. g4 Bg6 8. Ne5
Nbd7 9. Nxg6 hxg6 10. Bg2 e6 11. Be3 a6 12. Qd2 Nb6 13. Bf4 Qd7 14. O-O-O Nbd5
15. Be5 Rh7 16. Ne4 Nxe4 17. Bxe4 Bd6 18. f4 Bxe5 19. fxe5 O-O-O 20. c4 Ne7 21.
Kb1 Rdh8 22. Rhf1 Rf8 23. Qb4 Rhh8 24. Qc5 Kb8 25. Rf3 Nc8 26. Bxg6 b6 27. Qa3
Qb7 28. Rdf1 Qe7 29. Qxe7 Nxe7 30. Bxf7 Rh6 31. g5 Rh4 32. Bxe6 Rxf3 33. Rxf3
Rxd4 34. Rf7 Ng6 35. Rxg7 Nxe5 36. Kc2 Nxc4 37. Kc3 1-0

[Event "Mistrzostwa Polski Juniorow do lat 16 - Dziewczeta"]
[Site "Szklarska Poreba"]
[Date "1899-12-30"]
[Round "1.21"]
[White "Pieczewska, Gabriela"]
[Black "Trzaskowska, Hanna"]
[Result "0-1"]
[WhiteTitle "I"]
[BlackTitle "I"]
[WhiteElo "1172"]
[BlackElo "1604"]

1. c4 e5 2. Nc3 Nc6 3. g3 g6 4. Bg2 Bg7 5. e3 Nge7 6. Nge2 Nf5 7. O-O O-O 8. a3
a5 9. Rb1 d6 10. b3 Rb8 11. Bb2 Be6 12. Nb5 Nfe7 13. d4 exd4 14. Nbxd4 Nxd4 15.
Bxd4 Nc6 16. Bxg7 Kxg7 17. Qd2 Qf6 18. Qc3 Qxc3 19. Nxc3 Na7 20. Rfd1 b5 21. Nxb5
Nxb5 22. cxb5 Rxb5 23. b4 axb4 24. Rxb4 Rxb4 25. axb4 Rb8 26. Rc1 Rxb4 27. Bc6
Rc4 28. Rxc4 Bxc4 29. Kg2 Kf6 30. f4 Ke6 31. Kf3 Bd5+ 32. Bxd5+ Kxd5 33. e4+ Kd4
34. f5 c5 35. fxg6 fxg6 36. h4 c4 37. Kf4 c3 38. g4 c2 39. h5 c1=Q+ 0-1

[Event "Mistrzostwa Polski Juniorow do lat 16 - Dziewczeta"]
[Site "Szklarska Poreba"]
[Date "1899-12-30"]
[Round "1.22"]
[White "Jedrzejko, Martyna"]
[Black "Buchta, Alicja"]
[Result "1-0"]
[WhiteTitle "I"]
[BlackTitle "II"]
[WhiteElo "1597"]
[BlackElo "1162"]

1. e4 e6 2. d4 d5 3. Bd3 Nf6 4. Nd2 c5 5. e5 Nfd7 6. c3 Nc6 7. Ngf3 c4 8. Bc2 Be7
9. O-O Nf8 10. b3 cxb3 11. axb3 Qc7 12. c4 Nb4 13. Bb1 Ng6 14. g3 b6 15. Ne1 Bb7
16. f4 f5 17. exf6 Bxf6 18. Bb2 a5 19. f5 exf5 20. Bxf5 Qe7 21. Ng2 O-O 22. Qh5
Bc8 23. Rae1 Qc7 24. Bb1 dxc4 25. Nxc4 Ba6 26. Rc1 Bxc4 27. Rxc4 Qd8 28. Nf4 Qe8
29. Nxg6 hxg6 30. Bxg6 Qe3+ 31. Kh1 Qh6 32. Qxh6 gxh6 33. Rc7 Nd5 34. Rd7 Rad8
35. Rb7 Rc8 36. Ba3 Be7 37. Rxf8+ Bxf8 38. Bf7+ Kh8 39. Bxf8 Rxf8 40. Bxd5 Rf1+
41. Kg2 Rd1 42. Rxb6 Rxd4 43. Rxh6+ Kg7 44. Rh5 Kg6 45. Bf3 Rd2+ 46. Kh3 Rf2 47.
Bg4 Ra2 48. Re5 Kf6 49. Re2 Ra1 50. Kg2 Kg5 51. Bf3 Ra3 52. h4+ Kh6 53. Bd5 Ra1
54. g4 Rd1 55. Bc4 1-0

[Event "Mistrzostwa Polski Juniorow do lat 16 - Dziewczeta"]
[Site "Szklarska Poreba"]
[Date "1899-12-30"]
[Round "2.1"]
[White "Goraj, Barbara"]
[Black "Zniszczol, Wiktoria"]
[Result "1-0"]
[WhiteTitle "WCM"]
[BlackTitle "I+"]
[WhiteElo "2115"]
[BlackElo "1627"]

1. e4 e5 2. Nf3 Nc6 3. Bb5 a6 4. Ba4 Nf6 5. O-O Be7 6. Re1 b5 7. Bb3 d6 8. a4 Bg4
9. c3 O-O 10. d3 Na5 11. Bc2 c5 12. h3 Bh5 13. Nbd2 Nd7 14. g4 Bg6 15. Nf1 Re8
16. Ne3 Nb6 17. Kg2 Nc6 18. a5 Nd7 19. Nd5 Nf6 20. Nxf6+ Bxf6 21. Bb3 Rb8 22.
Bd5 Qc7 23. h4 h5 24. Ng5 hxg4 25. Qxg4 Qc8 26. Qf3 Re7 27. Rh1 Nd8 28. h5 Bh7
29. Nxh7 Kxh7 30. h6 Kg8 31. hxg7 Bxg7 32. Bg5 Re6 33. Bxd8 Qxd8 34. Bxe6 fxe6
35. Kf1 Qg5 36. Ke2 Rf8 37. Rag1 Qxg1 38. Qxf8+ Bxf8 39. Rxg1+ Kf7 40. Kf3 d5
41. exd5 exd5 42. Kg4 d4 43. Kf5 dxc3 44. bxc3 Bd6 45. Rg6 Ke7 46. Rg7+ 1-0